Markets Herts, Beds, Bucks and Oxon (Record no. 84118)
[ view plain ]
| 000 -LEADER | |
|---|---|
| fixed length control field | 00885cab a22002175a 4500 |
| 001 - CONTROL NUMBER | |
| control field | L156689 |
| 008 - FIXED-LENGTH DATA ELEMENTS--GENERAL INFORMATION | |
| fixed length control field | 120626e20120622xxk 000 0 eng d |
| 035 ## - SYSTEM CONTROL NUMBER | |
| System control number | (Sirsi) u156689 |
| 041 0# - LANGUAGE CODE | |
| Language code of text/sound track or separate title | eng |
| 100 1# - MAIN ENTRY--PERSONAL NAME | |
| Personal name | Eade, Christine |
| 245 00 - TITLE STATEMENT | |
| Title | Markets Herts, Beds, Bucks and Oxon |
| 260 ## - PUBLICATION, DISTRIBUTION, ETC. | |
| Date of publication, distribution, etc. | 2012 |
| 490 ## - SERIES STATEMENT | |
| Series statement | Property Week |
| Volume/sequential designation | 78(25) 22 June 2012, 39-45(5) |
| 520 ## - SUMMARY, ETC. | |
| Summary, etc. | Reviews St Alban's office market commenting on recent transactions. Outlines plans on how Bedord, one of 12 towns chosen as a Mary Portas pilot is planning to use the £50 000 grant to improve the town's retail market. Profiles Milton Keynes based Louch Shacklock & Partners. Timeline history of Douglas Duff which went into administration in April 2012. |
| 590 ## - LOCAL NOTE (RLIN) | |
| Local note | KA |
| 651 #4 - SUBJECT ADDED ENTRY--GEOGRAPHIC NAME | |
| Geographic name | Bedfordshire |
| 651 #4 - SUBJECT ADDED ENTRY--GEOGRAPHIC NAME | |
| Geographic name | Buckinghamshire |
| 651 #4 - SUBJECT ADDED ENTRY--GEOGRAPHIC NAME | |
| Geographic name | Oxfordshire |
| 690 ## - LOCAL SUBJECT ADDED ENTRY--TOPICAL TERM (OCLC, RLIN) | |
| Topical term or geographic name as entry element | Commercial property |
| 9 (RLIN) | 6227 |
| 942 ## - ADDED ENTRY ELEMENTS (KOHA) | |
| Suppress in OPAC | 0 |
No items available.